000 00857nam a2200265 4500
003 OSt
005 20260530115302.0
008 260418b2006 sp a|||| |||| 00| 0 spa d
040 _aUKM
_bspa
_cUKM
_dIXA
_dOCLCQ
_dUNAMX
041 1 _aspa
_heng
050 1 4 _aTP857
_bL4418
100 1 _a Lefteri, Chris,
240 1 0 _aGlass.
_lEspañol
245 1 0 _aCristal :
_bmateriales para el diseño /
_cChris Lefteri ; traducción, David N. M. George
264 1 _bBlume,
_c2006
_a Barcelona :
300 _a160 páginas
_bilustraciones a color, retrato
336 _atexto
_2rdacontent
337 _asin medio
_2rdamedia
338 _avolumen
_2rdacarrier
500 _aTraducción de: Glass : materials for inspirational design
650 4 _aVidrio
_928298
650 4 _aVidrio
_xDiseño
700 1 _aGeorge, David N. M.,
_e traductor
_931322
942 _2lcc
_cBK
999 _c12883
_d12883